000 00999nam a22002537a 4500
003 PE SENCICO BE
005 20251020182707.0
008 240301b |||||||| |||| 00| 0 eng d
040 _aPE SENCICO BE
_cPE SENCICO BE
041 _aspa
084 _aI
_aDIS
_a2005
_bC26
100 1 _91996
_aCarhuapoma Rosales, Lina
_eautor
245 1 _aDiseño interior de discoteca /
_cLina Carhuapoma Rosales
260 _aLima :
_c2005
300 _a84 h. :
_bil. col., plans. ;
_c30 x 40 cm.
502 _aMonografía de Titulación.-- Servicio Nacional de Capacitación para la Industria de la Construcción. Escuela Superior Técnica. Carrera Profesional Técnica en Diseño de Interiores, 2005
650 1 0 _944
_aDiseño de interiores
650 2 0 _91997
_aDiscotecas
650 2 0 _91995
_aEspacios comerciales
650 2 0 _9615
_aPlanos
710 1 _aServicio Nacional de Capacitación para la Industria de la Construcción.
_bEscuela Superior Técnica
_91065
910 _bhfp
_chfp
942 _cMON
999 _c4973
_d4973